00355nam a2200133Ia 4500008004100000020001500041041001200056082001600068100001700084245006800101260003000169300000700199650001500206221030s9999 xx 000 0 und d a8121906547 aEnglish a105.23bKhu aR. S. Khurmi 0aSteam Tables With Mollier Diagram In S.I.Unitscby R. S. Khurmi bS. ChandaNew Delhic2001 a23 aMechanical